000 00571nam a2200181Ia 4500
005 20250508150359.0
008 008 250505s9999 xx 000 0 eng d
037 _aTextual
040 _aFEDL
_beng
_cFEDL
041 _aeng
_2eng
084 _a407, HAR
_qFEDL
100 _aHartog Philip
_9756545
245 0 _aWords in action : The teaching of the mother tongue for the training of citizens in a democracy
260 _aLondon, UK
_bUniversity of London Press Limited
_c1947
300 _a275p.
942 _cTEXL
_h407, HAR
999 _c1323317
_d1323317